| 000 | 01004pam a2200301 a 4500 | ||
|---|---|---|---|
| 999 |
_c7546 _d7546 |
||
| 001 | 498803 | ||
| 003 | OSt | ||
| 005 | 20211126155034.0 | ||
| 008 | 851001s1986 enka b 001 0 eng | ||
| 010 | _a 85025478 | ||
| 020 | _a0521307902 | ||
| 020 | _a0521313163 (pbk.) | ||
| 040 |
_aDLC _cDLC _dDLC |
||
| 050 | 0 | 0 |
_aQC174.12 _b.D365 1986 |
| 082 | 0 | 0 | _a530DAV 1991 |
| 100 | 1 |
_aDavies, P. C. W. _98295 |
|
| 245 | 1 | 4 |
_aThe ghost in the atom : _cP.C.W. Davies and J.R. Brown. |
| 260 |
_aCambridge [Cambridgeshire] ; _aNew York : _bCambridge University Press, _c1991 |
||
| 300 |
_aix, 157 p. : _bill. ; _c23 cm. |
||
| 500 | _aIncludes index. | ||
| 504 | _aBibliography: p. [154] | ||
| 650 | 0 |
_aQuantum theory. _94791 |
|
| 650 | 0 |
_aPhysicists _xInterviews. _915448 |
|
| 700 | 1 |
_aBrown, J. R. _q(Julian Russell), _d1957- _915449 |
|
| 856 | 4 | 2 |
_3Publisher description _uhttp://www.loc.gov/catdir/description/cam031/85025478.html |
| 906 |
_a7 _bcbc _corignew _d1 _eocip _f19 _gy-gencatlg |
||
| 942 |
_2ddc _cO_SHELF |
||